000 00744nam a2200277Ia 4500
008 161027s9999||||xx |||||||||||||| ||und||
040 _cSanskrit
082 _aX.B
082 _bBORI-25292
100 _aOswal Vansbh Shrethilaldhajitanujmotilal
245 _aSabhashyatatvarthdhigamsutrani
260 _bMotilal Ladhaji
300 _a203pp
300 _b2
300 _cB
300 _ePaperback
530 _u000010141.Pdf.
563 _atext
600 _aOswal Vansbh Shrethilaldhajitanujmotilal
630 _aSabhashyatatvarthdhigamsutrani
650 _abuddhism & jainism
650 _aJainism
700 _aOswal Vansbh Shrethilaldhajitanujmotilal
730 _aSabhashyatatvarthdhigamsutrani
942 _cBOOK
999 _c1401077
_d1401074